000 00488nam a2200181Ia 4500
008 090124s9999 xx 000 0 und d
082 _b15682
_a5348
100 _aशहा सुरेखा
245 _a चक्रव्यूह
250 _a1
260 _c1966
300 _a155
600 _aशहा सुरेखा
630 _a चक्रव्यूह
700 _aशहा सुरेखा
730 _a चक्रव्यूह
942 _cBOOK
999 _c129622
_d129622